00920nam a22002177a 4500003000900000008004100009020002200050040007100072082001900143100003500162245003800197260006700235300003500302440002900337505018000366650002800546650004200574650001600616650003100632700003900663AR-CdUCM190325b ||||| |||| 00| 0 spa d a978-612-4045-42-4 aMUNICIPALIDAD PROVINCIAL DEL CUSCOcBIBLIOTECA MUNICIPAL DEL CUSCO a086.985 /bH83 aHuamán Poma de Ayala, Felipe aNueva crónica y buen gobierno / aLima :bMinisterio de Relaciones Exteriores del Perú,c2017. a3 tomos ,bImágenes,c22 cm. aColección Bicentenario aContenido: T.1: Transcripción paleográfica del texto original - Indice alfabético -- T.2: Texto modernizado - Abreviaturas en las notas -- T.3: Imágenes de crónicas. aÉpoca Prehispánica. aDescubrimiento y Conquista, 1522-1536 aCrónicas. aGuerras Civiles, 1537-1555 aAranibar, Carlos (edicion y notas)